[Event "IECC M1-2010.T097"]
[Site "IECC email"]
[Date "2010.12.30"]
[Round "?"]
[White "Basson, Heinrich"]
[Black "Vasquez Ganoza, Felipe"]
[Result "0-1"]
[WhiteElo "1780"]
[BlackElo "1751"]
[PlyCount "54"]
[EventDate "2010.??.??"]
[EventType "match (corr)"]
[EventRounds "2"]
[SourceTitle "Telechess CBM 145"]
[Source "Chessbase"]
[SourceDate "2011.11.11"]
[SourceVersion "1"]
[SourceVersionDate "2011.11.11"]
[SourceQuality "1"]
[WhiteTeam "South Africa"]
[BlackTeam "Peru"]
[WhiteTeamCountry "RSA"]
[BlackTeamCountry "PER"]

1. d4 Nf6 2. c4 e6 3. Nc3 Bb4 4. a3 Bxc3+ 5. bxc3 b6 6. Nf3 Bb7 7. Bg5 d6 8. e3 Nbd7 9. Bd3 h6 10. Bh4 g5 11. Bg3 h5 12. h3 Ne4 13. Qe2 Qf6 14. 0-0 Qg6 15. Qc2 f5 16. Ne1 h4 17. Bh2 g4 18. hxg4 fxg4 19. f3 gxf3 20. Rxf3 e5 21. a4 0-0-0 22. a5 h3 23. axb6 axb6 24. Rg3 Qxg3 25. Bxg3 Nxg3 26. gxh3 Rxh3 27. d5 Rg8 0-1

[Event "IECC O-2824"]
[Site "IECC email"]
[Date "2008.08.26"]
[Round "?"]
[White "Jorgensen, Paulerik Baggersgaa"]
[Black "Vasquez Ganoza, Felipe"]
[Result "1/2-1/2"]
[WhiteElo "1900"]
[BlackElo "1774"]
[PlyCount "42"]
[EventDate "2008.??.??"]
[EventType "swiss (corr)"]
[EventRounds "2"]
[SourceTitle "Corr 2013"]
[Source "ChessBase"]
[SourceDate "2012.11.12"]
[SourceVersion "1"]
[SourceVersionDate "2012.11.12"]
[SourceQuality "1"]
[WhiteTeam "Australia"]
[BlackTeam "Canada"]
[WhiteTeamCountry "AUS"]
[BlackTeamCountry "CAN"]

1. e4 d6 2. d4 Nf6 3. Nc3 g6 4. Nf3 Bg7 5. Be2 0-0 6. 0-0 Bg4 7. h3 Bxf3 8. Bxf3 Nc6 9. Bg5 e5 10. dxe5 dxe5 11. Qxd8 Nxd8 12. Rad1 Ne6 13. Bxf6 Bxf6 14. Bg4 Nd4 15. Nd5 Bd8 16. c3 Nb5 17. Rfe1 Nd6 18. Bf3 Kg7 19. Re2 c6 20. Nb4 Bc7 21. Nd3 Rfe8 1/2-1/2

[Event "IECC M1-2007.T08"]
[Site "IECC email"]
[Date "2008.01.31"]
[Round "?"]
[White "Vasquez Ganoza, Felipe"]
[Black "Garnett, Edward"]
[Result "1-0"]
[WhiteElo "1750"]
[BlackElo "1654"]
[PlyCount "83"]
[EventDate "2008.??.??"]
[EventType "match (corr)"]
[EventRounds "2"]
[SourceTitle "Corr 2013"]
[Source "ChessBase"]
[SourceDate "2012.11.12"]
[SourceVersion "1"]
[SourceVersionDate "2012.11.12"]
[SourceQuality "1"]
[WhiteTeam "Hungary"]
[BlackTeam "South Africa"]
[WhiteTeamCountry "HUN"]
[BlackTeamCountry "RSA"]

1. d4 Nf6 2. c4 g6 3. Nc3 d5 4. Bg5 Ne4 5. Bf4 Nxc3 6. bxc3 Bg7 7. Nf3 0-0 8. e3 c5 9. cxd5 cxd4 10. cxd4 Qxd5 11. Be2 Nc6 12. 0-0 Rd8 13. Qa4 Bd7 14. Qa3 Bf5 15. Rac1 Qd7 16. Rfd1 a5 17. Ne5 Bxe5 18. dxe5 Qc8 19. h3 Rxd1+ 20. Rxd1 Nb4 21. Qb2 Nc6 22. a3 a4 23. Qb6 Be6 24. Bb5 Bb3 25. Rc1 Bd5 26. Rc5 e6 27. f3 Qd8 28. Qxd8+ Nxd8 29. Rc7 Bc6 30. Bxc6 bxc6 31. Bg5 Rb8 32. Bh6 Rb1+ 33. Kf2 Rb2+ 34. Kg3 Rb8 35. Kf4 Kh8 36. Re7 Nb7 37. Rxf7 Nc5 38. Kg5 Rc8 39. Re7 Kg8 40. Kf6 Rd8 41. Rg7+ Kh8 42. Rc7 1-0

[Event "IECG QE.2006.0.00099"]
[Site "IECG email"]
[Date "2006.02.16"]
[Round "?"]
[White "Zonneveld, Will"]
[Black "Vasquez Ganoza, Felipe"]
[Result "1/2-1/2"]
[WhiteElo "1275"]
[BlackElo "1266"]
[PlyCount "118"]
[EventDate "2006.02.16"]
[EventType "tourn (corr)"]
[EventRounds "6"]
[SourceTitle "Corr 2008"]
[Source "ChessBase"]
[SourceDate "2008.06.24"]
[SourceVersion "1"]
[SourceVersionDate "2008.06.24"]
[SourceQuality "1"]

1. c4 e5 2. g3 Nf6 3. Bg2 c6 4. d4 exd4 5. Qxd4 d5 6. cxd5 cxd5 7. Nf3 Nc6 8. Qa4 Bc5 9. 0-0 0-0 10. Bg5 h6 11. Bxf6 Qxf6 12. Nc3 Be6 13. Rac1 Bb6 14. e3 Rad8 15. Qh4 Qxh4 16. Nxh4 g5 17. Nf3 g4 18. Nh4 d4 19. Na4 dxe3 20. Nxb6 Nd4 21. Rfe1 exf2+ 22. Kxf2 axb6 23. Rcd1 Rd7 24. Bxb7 Rfd8 25. Be4 Bxa2 26. Nf5 Be6 27. Nxd4 Rxd4 28. Rxd4 Rxd4 29. Ke3 Rb4 30. Re2 f5 31. Bb7 Kf7 32. Rf2 Kf6 33. Re2 h5 34. Bc6 f4+ 35. gxf4 Kf5 36. Rf2 h4 37. Bg2 h3 38. Bc6 g3 39. hxg3 Kg4 40. f5 Bxf5 41. Bd5 Rb5 42. Rf4+ Kg5 43. Bf3 Rb3+ 44. Kf2 Rxb2+ 45. Ke3 b5 46. Rh4 Rb3+ 47. Kf2 b4 48. Rh5+ Kf6 49. g4 Bg6 50. g5+ Ke7 51. Rh6 Bf5 52. Rb6 Be6 53. g6 h2 54. Be4 Rb2+ 55. Kg3 b3 56. g7 Bc4 57. Rb4 Bf7 58. Bg2 Rd2 59. Rb5 Bc4 1/2-1/2

[Event "IECG TG.2004.0.15237 email"]
[Site "IECG email"]
[Date "2004.08.29"]
[Round "2"]
[White "Vasquez Ganoza, Felipe"]
[Black "Michael, Holger"]
[Result "0-1"]
[WhiteElo "1266"]
[BlackElo "1265"]
[PlyCount "53"]
[EventDate "2004.08.29"]
[EventType "match (corr)"]
[EventRounds "2"]
[SourceTitle "Corr 2008"]
[Source "ChessBase"]
[SourceDate "2008.06.24"]
[SourceVersion "1"]
[SourceVersionDate "2008.06.24"]
[SourceQuality "1"]

1. d4 d5 2. e4 dxe4 3. Nc3 Nf6 4. f3 exf3 5. Nxf3 e6 6. Bg5 Be7 7. Bd3 0-0 8. Qe2 Nc6 9. 0-0 Nxd4 10. Nxd4 Qxd4+ 11. Kh1 Re8 12. Nb5 Qb6 13. Bxf6 Bxf6 14. Rxf6 gxf6 15. Qg4+ Kf8 16. Qb4+ c5 17. Qh4 e5 18. Rf1 e4 19. Rxf6 Re6 20. Qh6+ Ke7 21. Rxe6+ Bxe6 22. Qh4+ Kf8 23. Qxe4 Rd8 24. h3 h5 25. b3 c4 26. Bxc4 Rd1+ 27. Kh2 0-1